00679nam a2200217Ia 4500003000900000008004100009040001300050040001300063041000800076100002300084245008400107250000900191260002100200260000900221300000800230490000700238490000600245942000700251999001300258952019000271IT-RoPAU120407s9999 xx 000 0 und d aIT-RoPAU cIT-RoPAU aita aGregorio Alastruey aLa Santissima Vergine Maria. Trattato di Mariologia per sacerdoti e laici 2.ed. aRoma aEdizioni Paoline c1958 c cm aMD v2 cBK c229d229 00102ddc406243_800000000000000_9171aPAULUSbPAULUSd2012-04-11l0o243.8.91r2012-04-11 00:00:00w2012-04-11yBKzInserito da: Anna In data: n.d. fondo: Via A.Severo 56 Progr:21629